000 00591nam a2200241Ia 4500
003 OSt
005 20221005123544.0
006 a|||||r|||| 00| 0
007 ta
008 221004b |||||||| |||| 00| 0 eng d
024 _a67051
037 _cTextual
040 _aCRL
_cCRL
_beng
041 _2eng
_aeng
082 _aV3:26:9Z, K9
100 _aBarber Michael P
_9510441
245 0 _aLocal goverment
260 _c1969
490 _aM&E Handbook series.
650 _aHISTORY
942 _hV3:26:9Z, K9
_cTEXL
_2cc
999 _c1047768
_d1047768